000 00330nam a2200121Ia 4500
008 220204s9999 xx 000 0 und d
082 _a347:331.5
_bPER
100 _aPERES, Richard
245 0 _aDealing with employment discrimination
260 _aNew York
_bMcGraw Hill
_c1978
650 _aEmployment discrimination
942 _cBK
999 _c32389
_d32389